000 00272nam a2200109Ia 4500
008 220204s9999 xx 000 0 und d
082 _a657.47(035)
_bWIL
100 _aWilson, R M S
245 0 _aCost control handbook
260 _aGreat Britain
_bGrower
_c1975
942 _cBK
999 _c28455
_d28455